O bibliotece

Bibliographic Details
Main Author: Eco, Umberto, 1932-2016 (Author)
Other Authors: Szymanowski, Adam (Translator)
Format: Book
Language:Polish
Published: Wroclaw Ossolineum 1990

MARC

LEADER 00000nam a2200000 a 4500
001 vtls001128173
003 SK-MaSNL
005 20260302064419.0
008 250414s1990 pl 0 pol
020 |a 8304036142 
035 |a SNK000071023 
040 |a SNK  |b slo  |c SNK  |e AACR2 
041 0 |a pol 
044 |a pl  |c PL 
080 |a 026/027  |2 1981 
080 |a 850-4=84  |2 1981 
100 1 |a Eco, Umberto,  |d 1932-2016  |4 aut  |9 97635 
245 1 0 |a O bibliotece  |c Umberto Eco ; Przel. Adam Szymanowski 
260 |a Wroclaw  |b Ossolineum  |c 1990 
300 |a 33,[1] s.  |c 20 cm 
700 1 |a Szymanowski, Adam  |4 trl  |9 576357 
852 |a Slovenská národná knižnica 
919 |a 83-04-03614-2 
954 |a knižnica 
958 |a OND 
999 |c 1137521  |d 1139451 
952 |t P60, <04>, [BOOK], {604}  |a SNK  |b SNK  |y VYP  |7 0  |p 17A0131412  |o snkID 91656  |0 0  |1 0  |4 0  |d 1998-03-27  |l 0  |r 2005-01-01 00:00:00  |w 2026-02-24